[Event "Kasker 5"]
[Site "http://www.queenalice.com/game.php?id=1797234"]
[Date "2022.10.2"]
[Round "3"]
[White "priit57"]
[Black "pickles"]
[Result "1-0"]
[WhiteElo "2700"]
[BlackElo "2593"]

1. d4 Nf6 2. c4 e6 3. Nf3 d5 4. Nc3 c6 5. e3 Nbd7 6. Qc2 Bd6 7. Bd3 O-O 8. O-O
dxc4 9. Bxc4 a6 10. a4 c5 11. Rd1 cxd4 12. exd4 Qc7 13. Qe2 b6 14. d5 Ne5 15.
Nxe5 Bxe5 16. h3 Bxc3 17. d6 Qc6 18. bxc3 Bb7 19. f3 Rac8 20. Rd4 Rfe8 21. Qe5
Nd7 22. Qg3 b5 23. axb5 axb5 24. Bh6 g6 25. Be2 Qxc3 26. Rdd1 Qc5+ 27. Qf2 Qxf2+
28. Kxf2 Red8 29. Ra7 Bc6 30. Bg5 f6 31. Bd2 Nf8 32. Rc7 e5 33. Rc1 Bd7 34. f4
exf4 35. Bf3 b4 36. Bxb4 Be6 37. Bb7 Rb8 38. Re1 Rd7 39. Rxe6 Rxb7 40. Re8 Rbxc7
41. dxc7 Rxc7 42. Rxf8+ Kg7 43. Re8 g5 44. Re7+ Rxe7 45. Bxe7 Kg6 46. Kf3 Kf5
47. Bb4 h6 48. Be1 h5 49. h4 g4+ 50. Ke2 Ke4 51. Bc3 Kf5 52. Kd3 g3 53. Ke2 Kg4
54. Bxf6 f3+ 55. gxf3+ Kh3 56. Be5 Kxh4 57. Kf1 1-0

[Event "AUTO-ELITE-2370"]
[Site "http://www.queenalice.com/game.php?id=1797809"]
[Date "2022.10.11"]
[Round "2"]
[White "trompmaster"]
[Black "pickles"]
[Result "1/2-1/2"]
[WhiteElo "2534"]
[BlackElo "2588"]

1. d4 Nf6 2. Nf3 e6 3. g3 d5 4. Bg2 Be7 5. O-O O-O 6. c4 dxc4 7. Qc2 b5 8. a4
Bb7 9. axb5 a6 10. Nc3 axb5 11. Rxa8 Bxa8 12. Nxb5 Bd5 13. Bf4 c5 14. dxc5 Qa5
15. Nc3 Qxc5 16. Be3 Qc7 17. Nxd5 Nxd5 18. Bd2 Nd7 19. Ra1 h6 20. Qa4 Rc8 21.
Nd4 Bf6 22. e3 N7b6 23. Qb5 Rb8 24. Bf1 Qb7 25. Ra5 Nd7 26. Qxb7 Rxb7 27. Rb5
Rxb5 28. Nxb5 Bxb2 29. Bxc4 N5b6 1/2-1/2

[Event "AUTO-ELITE-2370"]
[Site "http://www.queenalice.com/game.php?id=1797810"]
[Date "2022.10.11"]
[Round "2"]
[White "pickles"]
[Black "trompmaster"]
[Result "1-0"]
[WhiteElo "2587"]
[BlackElo "2484"]

1. e4 d6 2. d4 Nf6 3. Nc3 e5 4. dxe5 dxe5 5. Qxd8+ Kxd8 6. Bc4 Ke8 7. Nf3 Bd6 8.
Be3 Nc6 9. a3 Ng4 10. Bg5 h6 11. Bh4 Be6 12. Nd2 g5 13. Bxe6 fxe6 14. Bg3 a6 15.
O-O-O Rf8 16. Rdf1 Kf7 17. f3 Ne3 18. Rf2 Nd4 19. Nd1 Nexc2 20. Kb1 b5 21. Nf1
Ne1 22. Rd2 Nexf3 23. gxf3 Nxf3 24. Rf2 Kg6 25. Nd2 Nd4 26. Rg2 Kh5 27. Ne3 Nf3
28. Rc1 Rab8 29. Nxf3 Rxf3 30. Nc2 a5 31. Re2 b4 32. Ne1 Rf1 33. a4 b3 34. Nd3
Rbf8 35. Nxe5 Rxc1+ 36. Kxc1 Rf1+ 37. Kd2 Ra1 38. Kc3 Rxa4 39. Nd3 Ra1 40. Kxb3
a4+ 41. Kc4 Bxg3 42. hxg3 a3 43. bxa3 Rxa3 44. Nc5 Rxg3 45. Nxe6 Rg1 46. e5 Kg4
47. Nd4 Ra1 48. e6 Ra8 49. e7 Re8 50. Re4+ Kh5 51. Kc5 Kg6 52. Kc6 Kf6 53. Re6+
Kf7 54. Kd7 1-0

[Event "AUTO-ELITE-2370"]
[Site "http://www.queenalice.com/game.php?id=1797811"]
[Date "2022.10.11"]
[Round "2"]
[White "danielglowinski"]
[Black "pickles"]
[Result "0-1"]
[WhiteElo "2524"]
[BlackElo "2590"]

1. e4 c6 2. d4 d5 3. Nc3 dxe4 4. Nxe4 Bf5 5. Ng3 Bg6 6. Nf3 Nf6 7. Bd3 e6 8. O-O
c5 9. Be3 cxd4 10. Nxd4 Nc6 11. Bb5 a6 12. Bxc6+ bxc6 13. Qf3 Qd5 14. Qxd5 cxd5
15. f4 Bc5 16. Rae1 Ng4 17. c3 Kd7 18. f5 exf5 19. h3 Nxe3 20. Rxe3 Rhe8 21.
Ngxf5 Rxe3 22. Nxe3 Rb8 23. b3 Kd6 24. Nef5+ Bxf5 25. Rxf5 f6 26. Kf2 Bxd4+ 27.
cxd4 Rc8 28. Ke3 Rc3+ 29. Kd2 Rg3 30. Rf2 h5 31. Ke1 a5 32. Rd2 Ke6 33. Kf2 Rc3
34. Re2+ Kf5 35. h4 Kf4 36. Kf1 Rd3 37. Re7 g5 38. Ke2 Rxd4 39. Rf7 Kg3 40. hxg5
fxg5 41. Rf5 Re4+ 42. Kd3 Rg4 43. Rxd5 h4 44. Rxa5 Kxg2 45. Re5 h3 46. Re2+ Kf1
47. Rh2 Rh4 48. b4 g4 49. b5 g3 50. Rh1+ Kf2 51. b6 g2 0-1

[Event "AUTO-ELITE-2370"]
[Site "http://www.queenalice.com/game.php?id=1797812"]
[Date "2022.10.11"]
[Round "2"]
[White "pickles"]
[Black "danielglowinski"]
[Result "1-0"]
[WhiteElo "2587"]
[BlackElo "2516"]

1. e4 e5 2. Nf3 Nf6 3. Nxe5 d6 4. Nf3 Nxe4 5. d4 d5 6. Bd3 Nc6 7. O-O Bg4 8. c4
Be7 9. cxd5 Qxd5 10. Nc3 Nxc3 11. bxc3 O-O-O 12. Be2 Rhe8 13. Rb1 Qxa2 14. Rb2
Qd5 15. Be3 Bf6 16. h3 Bd7 17. Nd2 b6 18. Bf3 Qa5 19. Qe2 Kb8 20. Ne4 Be7 21.
Ra2 Qf5 22. Ng3 Qf6 23. d5 a5 24. Rb1 Ne5 25. Be4 Bc8 26. Rxa5 Rd6 27. Qb5 Red8
28. Rba1 Bb7 29. Ra7 Rxd5 30. Rxb7+ Kxb7 31. Bxd5+ Rxd5 32. Qa6+ Kc6 33. Qa8+
1-0

[Event "Challenge"]
[Site "http://www.queenalice.com/game.php?id=1809966"]
[Date "2023.4.14"]
[Round "-"]
[White "pickles"]
[Black "erminius"]
[Result "1/2-1/2"]
[WhiteElo "2594"]
[BlackElo "2466"]

1. e4 Nc6 2. d4 d5 3. exd5 Qxd5 4. Nf3 Bg4 5. Be2 O-O-O 6. c4 Qf5 7. Be3 Bxf3 8.
Bxf3 Nxd4 9. Bxd4 Qe6+ 10. Be2 c5 11. O-O Rxd4 12. Qc2 Nf6 13. Nc3 a6 14. Rad1
Qe5 15. Nd5 Nd7 16. Rxd4 cxd4 17. Nb4 Nc5 18. Nd3 Nxd3 19. Bxd3 e6 20. c5 h5 21.
Rc1 Be7 22. c6 b5 23. a4 Kc7 24. axb5 axb5 25. Ra1 Bc5 26. Bxb5 h4 27. Qa4 h3
28. g3 Bb6 29. Bf1 Qd5 30. Rc1 Qg5 31. Qc4 Rd8 32. Bxh3 d3 33. Rd1 Qf6 34. Rd2
Qe5 35. Bf1 Qe1 36. Qf4+ e5 37. Qxf7+ Kxc6 38. Qe6+ Kc7 39. Qc4+ Kb7 40. Qf7+
Kc6 41. Qc4+ Kb7 42. Qf7+ Kc6 1/2-1/2

[Event "England vs Scotland"]
[Site "http://www.queenalice.com/game.php?id=1812520"]
[Date "2023.5.26"]
[Round "-"]
[White "gizmokaka"]
[Black "pickles"]
[Result "1/2-1/2"]
[WhiteElo "2521"]
[BlackElo "2591"]

1. e4 e5 2. Nf3 Nf6 3. Nxe5 d6 4. Nf3 Nxe4 5. d4 d5 6. Bd3 Bd6 7. O-O O-O 8. c4
c6 9. Nc3 Nxc3 10. bxc3 dxc4 11. Bxc4 Bg4 12. Re1 b5 13. Bd3 Nd7 14. Be4 Rc8 15.
h3 Bh5 16. Bf5 Re8 17. Rxe8+ Qxe8 18. Bd2 Bg6 19. Nh4 Rc7 20. Nxg6 hxg6 21. Bd3
Nb6 22. Qf3 Re7 23. g3 c5 24. h4 c4 25. Bf1 Ba3 26. h5 gxh5 27. Qxh5 g6 28. Qh6
Re4 29. Rb1 a6 30. Rd1 Bf8 31. Qg5 Qe7 32. Bg2 Qxg5 33. Bxg5 Re2 34. Bd2 Re6 35.
Bf4 Na4 36. d5 Nxc3 37. dxe6 Nxd1 38. Be5 b4 39. exf7+ Kxf7 40. Bd5+ Ke7 41.
Bxc4 g5 42. Bd4 Kd6 43. Bf6 Be7 44. Bxe7+ Kxe7 45. Bxa6 Nc3 46. Bc4 Kf6 47. Kg2
g4 48. Kf1 Ke5 49. Bb3 Ke4 1/2-1/2

[Event "Kasker 5"]
[Site "http://www.queenalice.com/game.php?id=1814355"]
[Date "2023.6.19"]
[Round "4"]
[White "pickles"]
[Black "Ahlkhanvio"]
[Result "1-0"]
[WhiteElo "2597"]
[BlackElo "2638"]

1. d4 d5 2. c4 c6 3. Nc3 Nf6 4. e3 a6 5. Nf3 Bf5 6. Nh4 Bg4 7. Qc2 e6 8. h3 Bh5
9. g4 Nfd7 10. gxh5 Qxh4 11. Bd2 dxc4 12. Rg1 Qxh5 13. Bxc4 Nb6 14. Be2 Qxh3 15.
e4 N8d7 16. Rg3 Qh1+ 17. Bf1 Qh5 18. Rh3 Qg4 19. Rg3 Qh5 20. Rd1 Bd6 21. Rxg7
O-O-O 22. Be3 Rdg8 23. Be2 Qh1+ 24. Kd2 Qxd1+ 25. Qxd1 Rxg7 26. Qb3 Bc7 27. a4
a5 28. Bh5 Kb8 29. Kc2 Rd8 30. Kb1 Nc8 31. d5 exd5 32. exd5 Ne7 33. Bf3 Ne5 34.
Be2 Nxd5 35. Nxd5 Rxd5 36. Ba6 b5 37. Bxb5 Kc8 38. f4 1-0

[Event "Kasker 5"]
[Site "http://www.queenalice.com/game.php?id=1822410"]
[Date "2023.10.5"]
[Round "5"]
[White "pickles"]
[Black "Sexxy_Bunny"]
[Result "1/2-1/2"]
[WhiteElo "2606"]
[BlackElo "2719"]

1. d4 Nf6 2. c4 e6 3. Nc3 Bb4 4. Qc2 O-O 5. a3 Bxc3+ 6. Qxc3 b6 7. Bg5 Bb7 8. e3
d6 9. Ne2 Nbd7 10. Qc2 c5 11. Rd1 Qe7 12. Nc3 cxd4 13. Rxd4 Rfd8 14. f3 h6 15.
Bh4 Ne5 16. Be2 Ng6 17. Bxf6 Qxf6 18. O-O Rac8 19. Rfd1 e5 20. R4d2 Qg5 21. Kf2
Qh4+ 22. Kg1 Qg5 23. Kf2 Qh4+ 24. Kg1 Qg5 1/2-1/2

[Event "AUTO-ELITE-2503"]
[Site "http://www.queenalice.com/game.php?id=1824140"]
[Date "2023.10.29"]
[Round "1"]
[White "raulzampronha"]
[Black "pickles"]
[Result "0-1"]
[WhiteElo "2231"]
[BlackElo "2614"]

1. d4 Nf6 2. Nf3 d5 3. c4 c6 4. cxd5 cxd5 5. Nc3 Nc6 6. Bf4 Bf5 7. e3 e6 8. Bb5
Nd7 9. O-O Be7 10. Qb3 g5 11. Bg3 h5 12. h3 g4 13. hxg4 hxg4 14. Nd2 Kf8 15. Ne2
Na5 16. Qa4 Nf6 17. b4 Nc4 18. Nxc4 dxc4 19. Bxc4 Ne4 20. Rfd1 Bd6 21. Bd3 Bxg3
22. fxg3 Qg5 23. Nf4 Nxg3 0-1

[Event "AUTO-ELITE-2503"]
[Site "http://www.queenalice.com/game.php?id=1824141"]
[Date "2023.10.29"]
[Round "1"]
[White "pickles"]
[Black "raulzampronha"]
[Result "1-0"]
[WhiteElo "2608"]
[BlackElo "2205"]

1. e4 c6 2. d4 d5 3. e5 Bf5 4. h4 h5 5. Bd3 Bxd3 6. Qxd3 e6 7. Bg5 Qb6 8. Nd2
Nd7 9. Ngf3 Ne7 10. O-O Nf5 11. c4 Bb4 12. c5 Qa6 13. Qxa6 bxa6 14. Nb3 a5 15.
a3 a4 16. axb4 axb3 17. g3 Rb8 18. Rxa7 Rxb4 19. Rc7 1-0

[Event "AUTO-ELITE-2503"]
[Site "http://www.queenalice.com/game.php?id=1824148"]
[Date "2023.10.29"]
[Round "1"]
[White "pickles"]
[Black "trompmaster"]
[Result "1-0"]
[WhiteElo "2609"]
[BlackElo "2448"]

1. d4 d6 2. e4 Nf6 3. Nc3 e5 4. Nf3 Nbd7 5. Rg1 c6 6. g4 h6 7. Be3 b5 8. a3 Qc7
9. g5 hxg5 10. Nxg5 Rxh2 11. Qf3 a5 12. Qg3 Rh8 13. O-O-O b4 14. Bc4 bxc3 15.
Bxf7+ Ke7 16. dxe5 cxb2+ 17. Kb1 dxe5 18. f4 Nh5 19. Qh4 Nxf4 20. Qxh8 Ne2 21.
Ne6 Nc3+ 22. Kxb2 Nxd1+ 23. Rxd1 Qb8+ 24. Ka1 Ba6 25. Bg5+ Nf6 26. Bxf6+ 1-0

[Event "AUTO-ELITE-2503"]
[Site "http://www.queenalice.com/game.php?id=1824149"]
[Date "2023.10.29"]
[Round "1"]
[White "trompmaster"]
[Black "pickles"]
[Result "0-1"]
[WhiteElo "2459"]
[BlackElo "2615"]

1. Nf3 d5 2. d4 Nf6 3. c4 c6 4. e3 Bg4 5. Qb3 Qb6 6. Ne5 Bf5 7. Bd3 Bxd3 8. Qxd3
e6 9. O-O Nbd7 10. f4 a5 11. Nc3 Be7 12. e4 dxe4 13. Nxd7 Nxd7 14. Nxe4 Nf6 15.
Be3 Nxe4 16. Qxe4 Qb4 17. Rfc1 O-O 18. Rc2 Rad8 19. g4 Rd7 20. Rd1 Rfd8 21. Kg2
c5 22. f5 exf5 23. gxf5 cxd4 24. Rxd4 Bf8 25. f6 Rxd4 26. Bxd4 g6 27. h4 Rd6 28.
b3 h5 29. Bc3 Qc5 30. Qf3 a4 31. Re2 Rd1 32. Be1 Qc8 33. Bf2 a3 34. c5 Rb1 35.
Qe4 Rb2 36. Bd4 Rxe2+ 37. Qxe2 Bxc5 38. Bxc5 Qxc5 39. Qe8+ Qf8 40. Qe7 Qc8 41.
Kf3 Qc6+ 42. Ke2 Qd5 43. Ke3 Kh7 44. Qxa3 Qe5+ 45. Kd3 Qg3+ 46. Ke2 Qxh4 47. Qe7
Qg4+ 48. Ke3 Qh3+ 49. Kd4 Qe6 50. Qxb7 Qxf6+ 51. Ke3 h4 52. Qf3 Kg7 53. Kf2
Qxf3+ 54. Kxf3 Kf6 55. Kg4 g5 56. a4 Ke6 57. a5 Kd6 58. a6 Kc6 59. b4 Kb6 60. b5
f5+ 61. Kh3 Ka7 62. Kg2 g4 0-1

[Event "AUTO-ELITE-2517"]
[Site "http://www.queenalice.com/game.php?id=1829351"]
[Date "2024.1.16"]
[Round "1"]
[White "Ahlkhanvio"]
[Black "pickles"]
[Result "0-1"]
[WhiteElo "2622"]
[BlackElo "2622"]

1. d4 Nf6 2. Bg5 d5 3. Bxf6 exf6 4. e3 Bd6 5. g3 c6 6. Bg2 Be6 7. Ne2 Nd7 8. Nd2
h5 9. h4 Nb6 10. b3 Qd7 11. Qc1 O-O 12. c4 Nc8 13. O-O Re8 14. Nc3 Ne7 15. Re1
Rad8 16. Qb2 Bh3 17. Bf3 Qf5 18. Qb1 Bb4 19. Qxf5 Nxf5 20. Rec1 Nxe3 21. fxe3
Rxe3 22. Ncb1 Rd3 23. Kh2 Bg4 24. Bxg4 hxg4 25. Nf1 Re8 26. cxd5 Re2+ 27. Kh1
cxd5 28. a4 Rxb3 29. Rd1 f5 30. Nbd2 Rd3 31. Re1 Rxe1 32. Rxe1 f4 33. Rb1 Bxd2
34. Rd1 Rf3 35. Nxd2 Rxg3 36. Nf1 Ra3 37. Rb1 Rxa4 38. Rxb7 Rxd4 39. Rxa7 Rd1
40. Kg2 g3 41. Ra3 Kh7 42. Rf3 Rd4 43. Nxg3 Rd2+ 44. Kh3 fxg3 0-1

[Event "AUTO-ELITE-2517"]
[Site "http://www.queenalice.com/game.php?id=1829352"]
[Date "2024.1.16"]
[Round "1"]
[White "pickles"]
[Black "Ahlkhanvio"]
[Result "1/2-1/2"]
[WhiteElo "2622"]
[BlackElo "2611"]

1. d4 d5 2. c4 e6 3. Nc3 Nf6 4. Nf3 a6 5. cxd5 exd5 6. Bg5 Be6 7. e3 Nbd7 8. Bd3
Bd6 9. h3 c6 10. Bf4 Qc7 11. Ne2 O-O 12. O-O Rfe8 13. Bxd6 Qxd6 14. Ng3 g6 15.
Re1 Re7 16. Qc2 Ne8 17. b4 Ndf6 18. Qb3 Rc7 19. Ne2 Qe7 20. a4 Nd6 21. b5 cxb5
22. axb5 a5 23. Nf4 Nfe4 24. Ne5 f6 25. Ng4 h5 26. f3 Rc3 27. Qb2 hxg4 28. fxe4
Rxd3 29. Nxd3 gxh3 30. exd5 Bxd5 31. Nf4 Bxg2 32. Nxg2 hxg2 33. Rac1 Kg7 34. b6
Rc8 35. Rxc8 Nxc8 36. e4 Qd6 37. Rc1 Nxb6 38. e5 fxe5 39. dxe5 Qe6 40. Rc7+ Kf8
41. Qxg2 1/2-1/2

[Event "AUTO-ELITE-2517"]
[Site "http://www.queenalice.com/game.php?id=1829357"]
[Date "2024.1.16"]
[Round "1"]
[White "pickles"]
[Black "tucuman10"]
[Result "1-0"]
[WhiteElo "2620"]
[BlackElo "2455"]

1. e4 c5 2. Nf3 Nc6 3. d4 cxd4 4. Nxd4 Nf6 5. Nc3 e5 6. Ndb5 d6 7. Bg5 a6 8. Na3
b5 9. Nd5 Be7 10. Bxf6 Bxf6 11. c3 O-O 12. Nc2 Bg5 13. a4 bxa4 14. Rxa4 a5 15.
Bc4 Kh8 16. Nce3 Ne7 17. O-O Nxd5 18. Nxd5 f5 19. exf5 Bxf5 20. b3 Rc8 21. Qe2
Bd7 22. Ra2 Bc6 23. Rd1 Bh6 24. Qd3 Bb7 25. h3 Bg5 26. Qe4 Rc7 27. Bd3 g6 28.
Bc4 Bxd5 29. Rxd5 Ra7 30. g3 Bf6 31. b4 a4 32. Rd3 Qd7 33. Kg2 Qf5 34. Bd5 Qxe4+
35. Bxe4 Rd8 36. c4 Be7 37. Bd5 1-0

[Event "AUTO-ELITE-2517"]
[Site "http://www.queenalice.com/game.php?id=1829358"]
[Date "2024.1.16"]
[Round "1"]
[White "tucuman10"]
[Black "pickles"]
[Result "1/2-1/2"]
[WhiteElo "2464"]
[BlackElo "2625"]

1. d4 Nf6 2. c4 e6 3. Nf3 d5 4. g3 c5 5. cxd5 cxd4 6. dxe6 Bxe6 7. Qxd4 Nc6 8.
Qa4 Bb4+ 9. Bd2 Bxd2+ 10. Nbxd2 Qb6 11. b3 O-O 12. Bg2 Nb4 13. O-O Bd7 14. Nc4
Bxa4 15. Nxb6 axb6 16. bxa4 Rxa4 17. a3 Nc2 18. Rab1 Nd7 19. Rb3 Nxa3 20. Rd1
Nc5 21. Rxb6 Nc4 22. Rb5 b6 23. Bf1 g6 24. e3 Rc8 25. Bxc4 Rxc4 26. Rxb6 Ne4 27.
Rd4 Rc1+ 28. Kg2 f5 29. Nd2 Nxd2 30. Rxd2 R8c7 31. Rbd6 Kg7 32. Rd7+ Rxd7 33.
Rxd7+ Kh8 34. h3 h5 35. g4 hxg4 36. hxg4 fxg4 37. Rd5 Kg7 38. Rd4 g5 39. Rxg4
Kf6 40. Ra4 Re1 41. Ra8 Kg6 42. Rg8+ Kf5 43. Rh8 Re2 44. Rf8+ Kg6 45. Kg3 Re1
46. Kg2 Rc1 47. Rf3 Rc2 1/2-1/2

[Event "AUTO-ELITE-2517"]
[Site "http://www.queenalice.com/game.php?id=1837719"]
[Date "2024.5.29"]
[Round "2"]
[White "trompmaster"]
[Black "pickles"]
[Result "0-1"]
[WhiteElo "2497"]
[BlackElo "2636"]

1. Nf3 d5 2. c4 d4 3. b4 g5 4. Qa4+ c6 5. Bb2 e5 6. Nxe5 Bg7 7. Nd3 Nh6 8. h3
Bf5 9. Nc5 b6 10. Nb3 O-O 11. g4 Be4 12. f3 Bg6 13. d3 a5 14. Na3 Qd6 15. bxa5
c5 16. O-O-O f5 17. Kb1 f4 18. Bc1 Nc6 19. Bd2 Nf7 20. h4 h6 21. Nb5 Qe7 22.
hxg5 hxg5 23. Ka1 Nfe5 24. Rb1 Rfc8 25. a3 Be8 26. Be1 Na7 27. a6 Nxb5 28. cxb5
c4 29. Bb4 Qd7 30. Nd2 Qd5 31. Ne4 Bxb5 32. Qd1 Rxa6 33. Rh5 Rca8 34. Qc1 Nf7
35. Qb2 c3 36. Qa2 Qxa2+ 37. Kxa2 Bf8 38. Bxf8 Kxf8 39. Rb3 Ba4 40. Rxc3 dxc3
41. Nxc3 Bd7 42. Nb1 Rc8 0-1

[Event "AUTO-ELITE-2517"]
[Site "http://www.queenalice.com/game.php?id=1837720"]
[Date "2024.5.29"]
[Round "2"]
[White "pickles"]
[Black "trompmaster"]
[Result "1-0"]
[WhiteElo "2630"]
[BlackElo "2522"]

1. e4 d6 2. d4 Nf6 3. Nc3 e5 4. Nf3 Nbd7 5. Rg1 c6 6. g4 h6 7. Be3 b5 8. a3 Qc7
9. g5 hxg5 10. Nxg5 Rxh2 11. Qf3 Nb6 12. O-O-O Nc4 13. Bxc4 bxc4 14. Qg3 Rh8 15.
dxe5 dxe5 16. Rh1 Rh5 17. Rxh5 Nxh5 18. Qf3 Nf6 19. Rh1 Ba6 20. Qh3 Qe7 21. f4
exf4 22. Bxf4 Rd8 23. e5 Nd5 24. e6 fxe6 25. Qh5+ Kd7 26. Nxd5 cxd5 27. Re1 Re8
28. Rxe6 Qxe6 29. Nxe6 Rxe6 30. Qxd5+ Bd6 31. Bd2 g5 32. Qxg5 Re5 33. Qg4+ Kc6
34. Bc3 Rd5 35. Bd4 c3 36. b4 Be7 37. Qe6+ Bd6 38. Qe8+ Kc7 39. Qf7+ Kc6 40.
Qxa7 Bc8 41. Qa8+ Bb7 42. b5+ Kc7 43. b6+ Kc6 44. Qe8# 1-0

[Event "kasker -2"]
[Site "http://www.queenalice.com/game.php?id=1838798"]
[Date "2024.6.17"]
[Round "1"]
[White "RaulSoft2"]
[Black "pickles"]
[Result "1-0"]
[WhiteElo "2549"]
[BlackElo "2636"]

1. d4 Nf6 2. c4 e6 3. g3 d5 4. Bg2 Nc6 5. Nf3 dxc4 6. Qa4 Bb4+ 7. Bd2 Nd5 8.
Bxb4 Nxb4 9. O-O Rb8 10. Na3 O-O 11. Qb5 b6 12. Qxc4 Ba6 13. Nb5 Qd5 14. Qxd5
Nxd5 15. a4 Na5 16. Ne5 Rbd8 17. Nxa7 Nb4 18. Rac1 Rxd4 19. Nb5 Bxb5 20. axb5 f6
21. e3 Rdd8 22. Nf3 Rf7 23. Nd4 Rd6 24. Bh3 f5 25. f4 Nd5 26. Kf2 Rfd7 27. Rfd1
Kf7 28. Bg2 Kf6 29. b3 h6 30. h4 Nxe3 31. Kxe3 Rxd4 32. Rxd4 Rxd4 33. Kxd4 Nxb3+
34. Kc3 Nxc1 35. Bf1 e5 36. Kb2 exf4 37. gxf4 Kg6 38. Kxc1 Kh5 39. Kd2 Kxh4 40.
Ke3 Kg4 41. Bd3 g5 42. Bc4 Kh5 43. Bf7+ Kg4 44. fxg5 f4+ 45. Ke4 hxg5 46. Be6+
Kg3 47. Kf5 g4 48. Kg5 Kf3 49. Bxg4+ 1-0

[Event "AUTO-ELITE-2503"]
[Site "http://www.queenalice.com/game.php?id=1840559"]
[Date "2024.7.21"]
[Round "2"]
[White "pickles"]
[Black "Sexxy_Bunny"]
[Result "0-1"]
[WhiteElo "2643"]
[BlackElo "2695"]

1. e4 c5 2. Nf3 d6 3. d4 cxd4 4. Nxd4 Nf6 5. Nc3 a6 6. Bg5 e6 7. f4 Qb6 8. Qd2
Qxb2 9. Rb1 Qa3 10. e5 h6 11. Bh4 dxe5 12. fxe5 g5 13. exf6 gxh4 14. Be2 Qa5 15.
Nb3 Qc7 16. O-O Nd7 17. Rbe1 h5 18. Bd3 Nb6 19. Bg6 Rh6 20. Bxf7+ Kxf7 21. Ne4
Nc4 22. Qc3 b5 23. Nbd2 Bd7 24. Ng5+ Ke8 25. Nde4 e5 26. h3 Bc6 27. Qf3 Rd8 28.
Kh1 Qc8 29. Qf2 Rd4 30. c3 Rxe4 31. Nxe4 Kd8 32. Qxh4 Kc7 33. f7 Qd8 34. Qf2 Qa8
35. Ng5 h4 36. Re2 Qd8 37. Ne4 Qd3 38. Rfe1 Rg6 39. Qf5 Rg7 40. Rf2 a5 41. Kg1
a4 42. Ree2 Qd7 43. Qf6 Bd5 44. Qxh4 Rxf7 45. Nf6 Be7 46. Nxd5+ Qxd5 47. Rxf7
Qxf7 48. Qe4 Bc5+ 49. Kh2 Qf1 50. Qf3 Qg1+ 51. Kg3 Qd1 52. Qf7+ Kb6 53. Qg6+ Bd6
54. Qe4 Qa1 55. h4 Qxc3+ 56. Kg4 Bc5 57. h5 Qc1 58. Qg6+ Nd6 59. Rxe5 Qb2 60.
Re6 Qxg2+ 61. Kf4 Qh2+ 62. Kg4 Ka5 63. h6 Qg2+ 64. Kf4 Qxa2 65. h7 Qf2+ 66. Kg4
Qg2+ 67. Kf4 Qh3 68. Ke5 Qc3+ 69. Kf4 Qd4+ 70. Kg3 a3 71. Qg8 Qf2+ 72. Kh3 Qf3+
73. Kh2 Nf7 74. Qg6 Qf2+ 75. Kh1 Qf1+ 76. Kh2 Bd4 0-1

[Event "AUTO-ELITE-2503"]
[Site "http://www.queenalice.com/game.php?id=1840560"]
[Date "2024.7.21"]
[Round "2"]
[White "Sexxy_Bunny"]
[Black "pickles"]
[Result "1/2-1/2"]
[WhiteElo "2722"]
[BlackElo "2641"]

1. e4 c5 2. Nf3 d6 3. d4 cxd4 4. Nxd4 Nf6 5. Nc3 g6 6. Be3 Bg7 7. f3 Nc6 8. Qd2
O-O 9. Bc4 Nxd4 10. Bxd4 Be6 11. Bb3 Qa5 12. O-O-O b5 13. Kb1 b4 14. Nd5 Bxd5
15. exd5 Qb5 16. Rhe1 a5 17. Qe2 Qxe2 18. Rxe2 a4 19. Bc4 Rfc8 20. b3 Rc7 21.
Bb5 axb3 22. cxb3 Ra5 23. Bc4 Rb7 24. g4 Kf8 25. h4 h5 26. g5 Ne8 27. Bf2 Nc7
28. Be1 Ra8 29. Rf2 Na6 30. Rc2 Nc5 31. Bf2 Be5 32. Be3 Rc7 33. Rf1 Bg7 34. Bd2
Rb8 35. Be3 Bh8 36. Bf2 Bg7 37. Be3 Ra8 38. Rfc1 Rb8 39. Bd2 Ra7 40. Be3 Rc7 41.
Bd2 Ra7 42. Be3 1/2-1/2

[Event "AUTO-ELITE-2503"]
[Site "http://www.queenalice.com/game.php?id=1840561"]
[Date "2024.7.21"]
[Round "2"]
[White "pickles"]
[Black "DIVYA99"]
[Result "1/2-1/2"]
[WhiteElo "2626"]
[BlackElo "2495"]

1. d4 Nf6 2. c4 e6 3. Nc3 Bb4 4. Qc2 d5 5. a3 Bxc3+ 6. Qxc3 O-O 7. Nf3 dxc4 8.
Qxc4 b6 9. h4 Ba6 10. Qc2 c5 11. dxc5 Nbd7 12. c6 Rc8 13. Bg5 Bb7 14. Nd4 Ne5
15. Rd1 Qe7 16. Rh3 Nxc6 17. Nxc6 Rxc6 18. Rc3 Rfc8 19. Rxc6 Bxc6 20. Rd4 Bb7
21. Rc4 Rxc4 22. Qxc4 h6 1/2-1/2

[Event "AUTO-ELITE-2503"]
[Site "http://www.queenalice.com/game.php?id=1840562"]
[Date "2024.7.21"]
[Round "2"]
[White "DIVYA99"]
[Black "pickles"]
[Result "1/2-1/2"]
[WhiteElo "2514"]
[BlackElo "2623"]

1. e4 e5 2. Nf3 Nc6 3. Bb5 a6 4. Ba4 Nf6 5. O-O Be7 6. Re1 b5 7. Bb3 d6 8. c3
O-O 9. h3 Na5 10. Bc2 c5 11. d4 cxd4 12. cxd4 exd4 13. Nxd4 Bd7 14. Nc3 Re8 15.
b3 Rc8 16. Bb2 Nc6 17. Rc1 Bf8 18. Qd2 Nxd4 19. Qxd4 Nh5 20. Nd5 Be6 21. Bb1 Qg5
22. Qe3 Rxc1 23. Rxc1 Qxe3 24. Nxe3 Rc8 25. Rd1 Nf4 26. Kf1 a5 27. h4 a4 28. b4
Ng6 29. a3 Ne5 30. f4 Nc4 31. Nxc4 Bxc4+ 32. Kf2 h5 33. g3 Be7 34. Bd4 g6 35.
Rc1 Re8 36. Re1 Kf8 37. Bc2 Rc8 38. Re3 Be6 39. Rc3 Rxc3 1/2-1/2